National Parks with a McDonald's Within 25 Miles - Statistics

General Stats
  • This quiz has been taken 10 times
  • The average score is 6 of 10
Answer Stats
Answer % Correct
Everglades
100%
Gateway Arch
90%
Cuyahoga Valley
70%
Great Smoky Mountains
70%
Indiana Dunes
70%
Saguaro
60%
Shenandoah
60%
Rocky Mountain
50%
Joshua Tree
40%
Hot Springs
30%
No matching quizzes found
Score Distribution
Percent of People with Each Score
Percentile by Number Answered
Your Score History
You have not taken this quiz